000 00929cab a2200265 4500
001 WB3440-33
008 090401t1998 xxu||||| |||| 00| 0 eng d
035 _a(Sirsi) u89207
041 _aeng
245 _aGround control
260 _c1998
350 _a0
490 _aGuardian
_v22 October 1998, 14-15(3)
520 _aProblems with the leasehold system are fuelling calls for reform by groups such as the Coalition for the Abolition of Residential Leasehold and the Leasehold Advisory Service (LAS). Examines the current law and looks at the changes being sought by the LAS.
650 _aCOALITION FOR THE ABOLITION OF RESIDENTIAL LEASEHOLDS
650 _aLANDLORDS
650 _aLEASEHOLD ADVISORY SERVICE
650 _aPROPERTY-LEASEHOLD PROPERTY
650 _aLEASEHOLD REFORM
650 _aLEASEHOLDS
650 _aLEASES
690 _aLandlord and tenant
_96252
942 _n0
948 _c22/10/1998
999 _c56418
_d56418